000 00966nas a2200301 4500
001 BR0200689
003 BR-BrBNA
005 20231205102753.0
007 ta
008 230509b bl.|||p| |||| 00| 00por d
040 _aBR-BrBNA
_bpor
_cBiblioteca Nacional de Agricultura
041 _a(Pt)
072 _aL10
100 1 _aSantos, S.E.C.
100 1 _aVannucchi, C.I.
100 1 _aSatzinger, S.
100 1 _aVisintin, J.A.
111 1 _a14. Congresso Brasileiro de Reprodução Animal
_cBelo Horizonte, MG (Brazil)
_d1-5 Aug 2001
245 1 _aComparação de dois crioprotetores na congelação de sêmen de cães
650 _aCÂO
650 _aSÊMEN
650 _aCRIOPRESERVAÇÃO
650 _aCONGELAMENTO
650 _aCULTURA IN VITRO
773 0 _tRevista Brasileira de Reprodução Animal (Brazil)
_xISSN 0102-0803
_g(Jul-Sep 2001), v. 25(3) p. 472-473
_wBR0200689
909 _a202311
_bLúcia
_c55
_dLúcia Elande
942 _2AGRIS
_n0
_cANA
999 _c169251
_d169251